000 01228nam0a22003011 4500
001 rc\4706374
005 20250612010359.0
035 _a(NLR Aleph) 008435283
090 _a9443188
_c9443188
100 _a20130416d1962 |||y0rusy50 ca
101 0 _arus
102 _aRU
105 _aa z |||||
200 1 _aУправление летательным аппаратом в космическом пространстве
_e(По материалам зарубежной печати за 1956-1961 гг.)
_fЦАГИ. Бюро науч. информации
210 _a[Москва]
_cБ. и.
_d1962
215 _a99 с.
_cил.
_d29
225 1 _aОбзоры. Переводы. Рефераты
_v№ 35
300 _aНа 3-й со. обл. сост.: Студнев, Р.В., Кобзев, В.И., Лаврентьева, З.И.
300 _aОтпеч. множит. аппаратом
320 _aБиблиогр.: с. 88-97
700 1 _aСтуднев
_bР.В.
_gРэм Васильевич
_4220
701 1 _aКобзев
_bВ.И.
_4220
701 1 _aЛаврентьева
_bЗ.И.
_4220
801 0 _aRU
_bNLR
_gpsbo
801 1 _aRU
_bELAR
_2rusmarc
852 _aNLR
_jП11/2256
942 _cBOOK
980 _aNB